Web content management : A collaborative approach

This is the first book to cover every aspect of content management for the large-scale or growing site. It offers Web professionals a complete blueprint for developing, deploying, managing, maintaining, and evolving enterprise-class sites with the greatest business value -- at the lowest cost.

Na minha lista:
Detalhes bibliográficos
Autor principal: Nakano, Russell
Formato: Livro
Idioma:Undetermined
Publicado em: Boston Addison-Wesley 2002
Assuntos:
Tags: Adicionar Tag
Sem tags, seja o primeiro a adicionar uma tag!
Thư viện lưu trữ: Trung tâm Học liệu Trường Đại học Cần Thơ
LEADER 00882nam a2200229Ia 4500
001 CTU_175220
008 210402s9999 xx 000 0 und d
020 |c 1049790 
082 |a 005.276 
082 |b N163 
100 |a Nakano, Russell 
245 0 |a Web content management : 
245 2 |b A collaborative approach 
245 0 |c Russell Nakano 
260 |a Boston 
260 |b Addison-Wesley 
260 |c 2002 
520 |a This is the first book to cover every aspect of content management for the large-scale or growing site. It offers Web professionals a complete blueprint for developing, deploying, managing, maintaining, and evolving enterprise-class sites with the greatest business value -- at the lowest cost. 
650 |a Web sites,Trang web 
650 |x Management,Quản lý 
904 |i Hải 
980 |a Trung tâm Học liệu Trường Đại học Cần Thơ